| 000 | 00572 a2200181 4500 | ||
|---|---|---|---|
| 999 |
_c9594 _d9594 |
||
| 022 | _I070215105X | ||
| 050 | _aKTL 19.A2 JUT 1999 | ||
| 100 |
_aFisher, David S. _eauthor |
||
| 110 | _aJuta and Company | ||
| 245 |
_aJuta's index and annotations to the South African law reports : _b1993-1998 / _cDavid S. Fisher |
||
| 264 |
_aCape Town: _bJuta and company limited, _c1999 |
||
| 300 | _a1430p.: | ||
| 500 | _aNo index | ||
| 650 | _aIndex and annotations | ||
| 650 | _aContract and insolvency | ||
| 650 | _aMotor vehicle accidents | ||
| 942 |
_2lcc _cSERIALS _h19.A2 _iJUT _kKTL |
||